000 01318nam a22003017a 4500
001 03313
003 HDC
007 cr bn ---
008 210106b20082008gr ||||| |||| 00| 0 eng d
022 _a1790-0832
040 _aHDC
100 _aAzah Anir Norman
_eauthor
_92465
245 4 _aThe Users Perceptions and Opportunities in Malaysia in Introducing RFID System for Halal Food Tracking
_c/ Azah Anir Norman, Mohd Hairul Nizam Md. Nasir & Masliyana Azmi
260 _aGreece:
_bWSEAS-World Scientific and Engineering Academy and Society,
_c2008
300 _a1 online resource (10 pages)
336 _atext
_2rdacontent
337 _acomputer
_2rdamedia
338 _aonline resource
_2rdacarrier
500 _aExtract from: WSEAS Transactions on Information Science and Applications, 2008, volume 5, issue 5 (pages 846-852)
_aIncludes bibliographical references
650 _aFood industry and trade
_xInventory control
_92466
650 _aHalal food industry
_9128
700 _aMasliyana Azmi
_ejoint author
_92468
700 _aMohd Hairul Nizam Md. Nasir
_ejoint author
_92467
856 _zRequest full-text at [email protected]
942 _2lcc
942 _cAR
942 _kJART 002590
999 _c699
_d699